LEADER 01030naa a2200229 u 4500 001 000000096277 003 CaOOAMICUS 005 20070226130145.0 008 040924s1985 gw u000 u ger u 020 $a3110105314 035 $a11008506 040 $aIAR$bita 100 1 $aWeisser, Ursula.$0(OLS)http://pul/name/61440 245 14$aDie Harmonisierung antiker Zeugungstheorien im islamischen Kulturkreis und ihr Nachwirken im europäischen Mittelalter /$cUrsula Weisser. 260 $aBerlin :$bW. de Gruyter,$c1985. 300 $aS. 301-326, ;$c25 cm 773 0 $aOrientalische Kultur und europäisches Mittelalter. 773 0 $aMiscellanea mediaevalia.$g17 773 0 $tOrientalische Kultur und europäisches Mittelalter$w()2374 996 $6020$a3110105314$9(OLS)http://pul/number/3169 996 $6245$aDie Harmonisierung antiker Zeugungstheorien im islamischen Kulturkreis und ihr Nachwirken im europäischen Mittelalter$9(OLS)http://pul/title/123153 996 $6260$aBerlin :$bW. de Gruyter$9(OLS)http://pul/publisher/48032 LEADER 01415nam a2200349 a 4500 001 000000134085 003 CaOOAMICUS 005 20130528115203.0 008 130528s2005 it u000 u ita r 020 $a88-343-1150-7 040 $aPUL$bita 082 04$a370.1 100 1 $aBellingreri, Antonio.$0(OLS)http://pul/name/86417 245 10$aPer una pedagogia dell'empatia /$cAntonio Bellingreri. 260 $aMilano :$bV&P,$c©2005. 300 $a460 p. ;$c22 cm 490 1 $aPedagogia e scienze dell'educazione. Ricerche 490 1 $aVita e pensiero. Università 504 $aBibliografia: p. [413]-447 ed in nota. 650 4$aEmpatia.$0(OLS)http://pul/subject/39384 830 0$aPedagogia e scienze dell'educazione.$pRicerche.$0(OLS)http://pul/title/154438 830 0$aUniversità (Vita e Pensiero).$0(OLS)http://pul/title/154439 850 $aPUL 852 $aPUL$W1$xSL Diritto e Scienze Sociali 3$y79$m370. 1 BELAN 1$j154159$b $qDDC 21$B153711$CPULBib$Z2$F153711 $H122392 $81 941 1 $a9 983 0$aVita e pensiero.$pUniversità. 983 0$aV & P. Università. 996 $6020$a88-343-1150-7$9(OLS)http://pul/number/152846 996 $6082$a370.1$9(OLS)http://pul/classification/413 996 $6245$aPer una pedagogia dell'empatia$9(OLS)http://pul/title/169510 996 $6260$aMilano :$bV&P$9(OLS)http://pul/publisher/78336